[Event "1.d4 e6 variations"]
[Site "SchemingMind.com"]
[Date "2009.05.01"]
[Round "-"]
[White "misol"]
[Black "Zugzwang"]
[Result "1-0"]
[WhiteCountry "CAN"]
[BlackCountry "CAN"]
[WhiteElo "1424"]
[WhiteRD "113"]
[BlackElo "1482"]
[BlackRD "58"]
[GameID "202720"]

1. d4 e6 2. c4 d5 3. e3 Nc6 4. Nc3 Nf6 5. Nf3 Bb4 6. Bd3 O-O 7. O-O Bxc3 8. bxc3 h6 9. cxd5 exd5 10. Rb1 Qd6
11. c4 dxc4 12. Bxc4 Bg4 13. Qd3 Rfe8 14. Qb3 Re7 15. Ba3 Qd7 16. Bxe7 Qxe7 17. Qxb7 Re8 18. Qxc6 h5 19. Rb7 Rc8 20. Rxa7 Ne4
21. Rb1 Bxf3 22. gxf3 Nd2 23. Ra8 Rxa8 24. Qxa8+ Kh7 25. Bd3+ g6 26. Rb5 Nxf3+ 27. Qxf3
1-0

[Event "1.d4 e6 variations"]
[Site "SchemingMind.com"]
[Date "2009.05.01"]
[Round "-"]
[White "Zugzwang"]
[Black "misol"]
[Result "1-0"]
[WhiteCountry "CAN"]
[BlackCountry "CAN"]
[WhiteElo "1482"]
[WhiteRD "58"]
[BlackElo "1424"]
[BlackRD "113"]
[GameID "202721"]

1. d4 e6 2. e3 c5 3. c3 d5 4. Bd3 Nf6 5. Nf3 Be7 6. O-O O-O 7. Nbd2 Nc6 8. Qe2 e5 9. dxe5 Ne4 10. Nxe4 dxe4
11. Bxe4 Bg4 12. h3 Bh5 13. Qd3 Qxd3 14. Bxd3 Rad8 15. Bc4 Kh8 16. e4 f6 17. Bf4 g5 18. Bg3 Bxf3 19. gxf3 Rd2 20. e6 Rfd8
21. f4 Rxb2 22. Kh1 Rc2 23. fxg5 fxg5 24. f4 Rxc3 25. f5 Bf6 26. Bc7 Rxc4 27. Bxd8 Bxa1 28. Rxa1 Nxd8 29. e7 Rd4 30. e8=Q+ Kg7
31. Rf1 Kf6 32. e5+ Kg7 33. f6+
1-0

[Event "1.d4 e6 variations"]
[Site "SchemingMind.com"]
[Date "2009.05.02"]
[Round "-"]
[White "lame wolf"]
[Black "Zugzwang"]
[Result "0-1"]
[WhiteCountry "INT"]
[BlackCountry "CAN"]
[WhiteElo "1075"]
[WhiteRD "42"]
[BlackElo "1482"]
[BlackRD "58"]
[GameID "202927"]

1. d4 e6 2. c4 d5 3. c5 Nc6 4. Nc3 e5 5. Be3 Nf6 6. Bg5 h6 7. Bxf6 Qxf6 8. a3 e4 9. Nxd5 Qd8 10. e3 Bd6
11. cxd6 Qxd6 12. Bc4 O-O 13. Ne2 Bg4 14. Qb3 Rad8 15. Qxb7 Na5 16. Qxa7 Nxc4 17. Qxc7 Qxd5 18. Nf4 Qb5 19. Qc5 Qxc5 20. dxc5 Rd2
21. c6 Rfd8 22. Rc1 Rd1+ 23. Rxd1 Rxd1#
0-1

[Event "1.d4 e6 variations"]
[Site "SchemingMind.com"]
[Date "2009.05.02"]
[Round "-"]
[White "lame wolf"]
[Black "misol"]
[Result "0-1"]
[WhiteCountry "INT"]
[BlackCountry "CAN"]
[WhiteElo "1075"]
[WhiteRD "42"]
[BlackElo "1424"]
[BlackRD "113"]
[GameID "202928"]

1. d4 e6 2. c4 b6 3. b4 Bxb4+ 4. Bd2 Ba5 5. Bxa5 bxa5 6. e4 Nf6 7. e5 Ne4 8. Nh3 Bb7 9. Bd3 d5 10. c5 Nc6
11. Qf3 Nxd4 12. O-O Nxf3+ 13. gxf3 Nxc5 14. Nc3 Nxd3 15. f4 O-O 16. Ne2 Rb8 17. Nd4 Qh4 18. Ng5 Qxf4 19. Ngf3 c5
0-1

[Event "1.d4 e6 variations"]
[Site "SchemingMind.com"]
[Date "2009.05.02"]
[Round "-"]
[White "Zugzwang"]
[Black "lame wolf"]
[Result "1-0"]
[WhiteCountry "CAN"]
[BlackCountry "INT"]
[WhiteElo "1482"]
[WhiteRD "58"]
[BlackElo "1075"]
[BlackRD "42"]
[GameID "202929"]

1. d4 e6 2. e4 b6 3. c4 Bb4+ 4. Bd2 Bxd2+ 5. Nxd2 Bb7 6. Bd3 Ne7 7. Ngf3 O-O 8. O-O d5 9. e5 c5 10. Rc1 cxd4
11. Nxd4 Nec6 12. Nxc6 Nxc6 13. Qh5 g6 14. Qh3 Nd4 15. f4 Kh8 16. Nf3 Rg8 17. Ng5 h5 18. Nxf7+ Kg7 19. Nxd8 Rgxd8 20. f5 exf5
21. Rce1 a6 22. e6 dxc4 23. Bxc4 Nc2 24. Qc3+ Kh6 25. Qxc2
1-0

[Event "1.d4 e6 variations"]
[Site "SchemingMind.com"]
[Date "2009.05.02"]
[Round "-"]
[White "misol"]
[Black "lame wolf"]
[Result "0-1"]
[WhiteCountry "CAN"]
[BlackCountry "INT"]
[WhiteElo "1424"]
[WhiteRD "113"]
[BlackElo "1075"]
[BlackRD "42"]
[GameID "202930"]

1. d4 e6 2. c4 d5 3. e4 dxe4 4. Nc3 f5 5. Qh5+ g6 6. Qg5 Qxg5 7. Bxg5 Be7 8. f4 Bxg5 9. fxg5 Ne7 10. O-O-O Nd7
11. d5 exd5 12. cxd5 Nc5 13. Nb5 c6 14. Nc7+ Kd7 15. Nxa8 Nxd5 16. Bc4 Ke7 17. Bxd5 cxd5 18. Rxd5 Nd3+ 19. Kd2 Nf2 20. Re5+ Kd6
21. Ra5 Nxh1 22. Ra4 Nf2 23. Ne2 Ng4 24. h3 Ne5 25. g4 Bd7 26. Rxa7 Kc6 27. Ra5 Nc4+
0-1

[Event "1.d4 e6 variations"]
[Site "SchemingMind.com"]
[Date "2009.05.02"]
[Round "-"]
[White "Shaka"]
[Black "lame wolf"]
[Result "1-0"]
[WhiteCountry "VEN"]
[BlackCountry "INT"]
[WhiteElo "1786"]
[WhiteRD "73"]
[BlackElo "1099"]
[BlackRD "48"]
[GameID "202938"]

1. d4 e6 2. f4 d5 3. Nf3 Bd6 4. g3 Bd7 5. Bg2 Nf6 6. e3 Bc6 7. Nbd2 Qe7 8. O-O Bb5 9. Re1 Ne4 10. Nxe4 b6
11. Nxd6+ Qxd6 12. a4 Bd7 13. b3 a5 14. Nd2 O-O 15. Ba3 Qc6 16. Bxf8 Kxf8 17. c4 Qd6 18. cxd5 Ra7 19. dxe6 Qxe6 20. e4 Qd6
21. Nc4 Qb4 22. Rc1 b5 23. axb5 Qxb5 24. d5 c6 25. d6 Be6 26. f5 Bd7 27. e5 Bxf5 28. Qd4 Rb7 29. Re3 c5 30. Qd5 Be6
31. Qxb7 Qxb7 32. Bxb7
1-0

[Event "1.d4 e6 variations"]
[Site "SchemingMind.com"]
[Date "2009.05.02"]
[Round "-"]
[White "Shaka"]
[Black "Zugzwang"]
[Result "1-0"]
[WhiteCountry "VEN"]
[BlackCountry "CAN"]
[WhiteElo "1786"]
[WhiteRD "73"]
[BlackElo "1474"]
[BlackRD "59"]
[GameID "202939"]

1. d4 e6 2. f4 f5 3. Nf3 Nf6 4. g3 d5 5. Bg2 c6 6. a3 Bd6 7. O-O O-O 8. b4 Bd7 9. Bb2 Be8 10. Nbd2 Bh5
11. Ng5 Qe8 12. c4 Qg6 13. Qb3 Bxe2 14. Rfe1 Bxc4 15. Nxc4 dxc4 16. Qxc4 Re8 17. Nxe6 Kh8 18. Ng5 Rf8 19. Re6 Bc7 20. Rae1 Nbd7
21. Re7 h6 22. Ne6 Rac8 23. Rxg7 Qh5 24. Rxd7
1-0

[Event "1.d4 e6 variations"]
[Site "SchemingMind.com"]
[Date "2009.05.02"]
[Round "-"]
[White "Shaka"]
[Black "misol"]
[Result "0-1"]
[WhiteCountry "VEN"]
[BlackCountry "CAN"]
[WhiteElo "1777"]
[WhiteRD "76"]
[BlackElo "1702"]
[BlackRD "98"]
[GameID "202940"]

1. d4 e6 2. f4 b6 3. Nf3 Bb7 4. c4 c5 5. e3 f5 6. Nc3 Nf6 7. Bd3 d5 8. O-O Bd6 9. Nb5 cxd4 10. exd4 O-O
11. Nxd6 Qxd6 12. Bd2 Nbd7 13. a3 Rac8 14. Rc1 Rfe8 15. cxd5 Bxd5 16. Ne5 Ng4 17. Nxg4 fxg4 18. Qxg4 g6 19. Bc3 Nf6 20. Qh4 Qd8
21. Bb5 Ne4 22. Qe1 Re7 23. Bb4 Rxc1 24. Qxc1 Rc7 25. Qd1 a5 26. Be1 Bc4 27. Bxc4 Rxc4 28. Qd3 Rxd4 29. Qb3 Nc5 30. Qh3 Rd1
31. Qg4 Qd4+ 32. Bf2 Rxf1+ 33. Kxf1 Qc4+ 34. Qe2 Qc1+ 35. Be1 Qxf4+ 36. Kg1 Qe4 37. Qf2 Nd3 38. Qf1 Qxe1 39. Qxe1 Nxe1
0-1

[Event "1.d4 e6 variations"]
[Site "SchemingMind.com"]
[Date "2009.05.03"]
[Round "-"]
[White "lame wolf"]
[Black "Shaka"]
[Result "0-1"]
[WhiteCountry "INT"]
[BlackCountry "VEN"]
[WhiteElo "1075"]
[WhiteRD "42"]
[BlackElo "1789"]
[BlackRD "72"]
[GameID "202941"]

1. d4 e6 2. c4 c5 3. d5 exd5 4. cxd5 Nf6 5. Bg5 h6 6. Bxf6 Qxf6 7. Qc2 d6 8. Nc3 a6 9. e4 b5 10. a3 Bb7
11. f3 Nd7 12. Bd3 c4 13. Be2 g6 14. Bd1 Bg7 15. a4 O-O 16. axb5 Nc5 17. Be2 axb5 18. Nxb5 Rxa1+ 19. Kf2 Nd3+ 20. Bxd3 cxd3
21. Qxd3 Ba6 22. e5 Qxe5 23. Qe2 Qxd5 24. Nc7 Qc5+
0-1

[Event "1.d4 e6 variations"]
[Site "SchemingMind.com"]
[Date "2009.05.03"]
[Round "-"]
[White "Zugzwang"]
[Black "Shaka"]
[Result "0-1"]
[WhiteCountry "CAN"]
[BlackCountry "VEN"]
[WhiteElo "1474"]
[WhiteRD "59"]
[BlackElo "1786"]
[BlackRD "73"]
[GameID "202942"]

1. d4 e6 2. e4 c5 3. Nf3 cxd4 4. Nxd4 d6 5. Nc3 a6 6. Bd3 Nc6 7. Nxc6 bxc6 8. Qf3 Be7 9. O-O Nf6 10. Bf4 e5
11. Bg3 Bg4 12. Qe3 O-O 13. f3 Be6 14. f4 exf4 15. Bxf4 Re8 16. Qg3 Nh5 17. Qf3 Nxf4 18. Qxf4 Bf6 19. a3 Qb6+ 20. Kh1 Qxb2
21. Ne2 Be5 22. Qc1 Qxa1 23. Qxa1 Bxa1 24. Rxa1 Rab8 25. Rf1 c5 26. Nf4 a5 27. g3 c4 28. Be2 Rb2 29. Bd1 Ra2 30. Rf3 Bg4
31. Rf1 Bxd1 32. Rxd1 Rxc2 33. Rxd6 c3 34. e5 Ra2 35. Nd3 Rd2
0-1

[Event "1.d4 e6 variations"]
[Site "SchemingMind.com"]
[Date "2009.05.03"]
[Round "-"]
[White "misol"]
[Black "Shaka"]
[Result "1-0"]
[WhiteCountry "CAN"]
[BlackCountry "VEN"]
[WhiteElo "1562"]
[WhiteRD "104"]
[BlackElo "1786"]
[BlackRD "73"]
[GameID "202943"]

1. d4 e6 2. c4 c5 3. e4 cxd4 4. Nf3 Nc6 5. Bg5 f6 6. Bh4 Qa5+ 7. Nfd2 Bb4 8. Be2 Nge7 9. a3 O-O 10. O-O d5
11. cxd5 exd5 12. exd5 Bxd2 13. Nxd2 Qxd5 14. Bc4 Be6 15. Bxd5 Bxd5 16. Re1 Nf5 17. b4 Nxh4 18. Qh5 g5 19. Qg4 Bxg2 20. Qd7 Ne5
21. Qe6+ Kh8 22. Rxe5 fxe5 23. Qxe5+ Kg8 24. Qxg5+ Kh8 25. Qxh4 Rg8 26. Qxd4+ Rg7 27. f4 Rg8 28. Kf2 Bc6 29. Rg1
1-0

[Event "1.d4 e6 variations"]
[Site "SchemingMind.com"]
[Date "2009.05.02"]
[Round "-"]
[White "aadaam"]
[Black "lame wolf"]
[Result "1-0"]
[WhiteCountry "INT"]
[BlackCountry "INT"]
[WhiteElo "1688"]
[WhiteRD "47"]
[BlackElo "1075"]
[BlackRD "42"]
[GameID "202995"]

1. d4 e6 2. e4 d5 3. Nc3 Bb4 4. e5 c5 5. a3 Bxc3+ 6. bxc3 cxd4 7. cxd4 Ne7 8. Bd3 Qc7 9. Ne2 O-O 10. h4 Nec6
11. h5 h6 12. Rh3 Nd7 13. Bxh6 gxh6 14. Rg3+ Kh8 15. Qd2 f6 16. Qxh6#
1-0

[Event "1.d4 e6 variations"]
[Site "SchemingMind.com"]
[Date "2009.05.03"]
[Round "-"]
[White "aadaam"]
[Black "Shaka"]
[Result "1/2-1/2"]
[WhiteCountry "INT"]
[BlackCountry "VEN"]
[WhiteElo "1748"]
[WhiteRD "47"]
[BlackElo "1777"]
[BlackRD "76"]
[GameID "202997"]

1. d4 e6 2. e4 c5 3. Nf3 cxd4 4. Nxd4 a6 5. Be3 d6 6. Be2 Nf6 7. Nd2 Be7 8. O-O O-O 9. f4 Nc6 10. Nxc6 bxc6
11. c4 d5 12. e5 Ne4 13. Nxe4 dxe4 14. Qc2 f5 15. Rfd1 Qa5 16. c5 Rb8 17. a3 Qc7 18. b4 a5 19. Qc4 axb4 20. axb4 Bd7
21. g4 g6 22. Kg2 Be8 23. g5 Bf7 24. h4 Rfd8 25. Rxd8+ Qxd8 26. Ra7 Kf8 27. Qa6 Be8 28. Rb7 Rxb7 29. Qxb7 Qd5 30. Qa6 Kf7
31. Qc4 Qd8 32. Qb3 Qa8 33. Bc4 Bd7 34. b5 cxb5 35. Bxb5 Qb8 36. Bc4 Qxb3 37. Bxb3 Bc6 38. Kf2 Bd8 39. Ke2 Ke7 40. Bd2=
1/2-1/2

[Event "1.d4 e6 variations"]
[Site "SchemingMind.com"]
[Date "2009.05.02"]
[Round "-"]
[White "aadaam"]
[Black "misol"]
[Result "0-1"]
[WhiteCountry "INT"]
[BlackCountry "CAN"]
[WhiteElo "1677"]
[WhiteRD "50"]
[BlackElo "1562"]
[BlackRD "104"]
[GameID "202998"]

1. d4 e6 2. e4 b6 3. c4 Bb4+ 4. Bd2 Ba5 5. Bxa5 bxa5 6. Nc3 Bb7 7. Nf3 Nf6 8. e5 Nh5 9. Be2 Nf4 10. O-O d5
11. c5 Nxe2+ 12. Nxe2 Nc6 13. a3 Ba6 14. Re1 O-O 15. Qc2 Rb8 16. Rab1 g6 17. h3 Qd7 18. Nh2 Rb7 19. f4 Rfb8 20. Nf3 Qe7
21. g4 Rb3 22. Nc3 Bc4 23. Nd2 R3b7 24. Nxc4 dxc4 25. Red1 a6 26. Ne4 Qh4 27. Nf6+ Kg7 28. Qxc4 Qg3+ 29. Kf1 Rxb2 30. Rxb2 Rxb2
0-1

[Event "1.d4 e6 variations"]
[Site "SchemingMind.com"]
[Date "2009.05.02"]
[Round "-"]
[White "lame wolf"]
[Black "aadaam"]
[Result "0-1"]
[WhiteCountry "INT"]
[BlackCountry "INT"]
[WhiteElo "1075"]
[WhiteRD "42"]
[BlackElo "1688"]
[BlackRD "47"]
[GameID "202999"]

1. d4 e6 2. c4 d5 3. c5 b6 4. b4 Bb7 5. Qc2 a5 6. Qb3 Nc6 7. e3 Nxb4 8. Bb2 Nf6 9. a3 Nc6 10. Bb5 Be7
11. a4 O-O 12. Nd2 Nb4 13. Bc3 bxc5 14. dxc5 Bxc5 15. Bd4 Bxd4 16. exd4 c6 17. Be2 Qb6 18. Ngf3 c5 19. dxc5 Qxc5 20. O-O Qe7
21. Ne5 Nd7 22. Rac1 Nxe5 23. f3 Nec6 24. f4 Nd4 25. Qe3 Nxe2+ 26. Qxe2 Ba6 27. Nc4 Bxc4 28. Rxc4 dxc4 29. Qe5 Nd3 30. Qb5 Qa7+
31. Kh1 Nf2+ 32. Kg1 Nh3+ 33. Kh1 Qg1+ 34. Rxg1 Nf2#
0-1

[Event "1.d4 e6 variations"]
[Site "SchemingMind.com"]
[Date "2009.05.04"]
[Round "-"]
[White "Zugzwang"]
[Black "aadaam"]
[Result "0-1"]
[WhiteCountry "CAN"]
[BlackCountry "INT"]
[WhiteElo "1474"]
[WhiteRD "59"]
[BlackElo "1677"]
[BlackRD "50"]
[GameID "203000"]

1. d4 e6 2. e4 d5 3. e5 c5 4. c3 Qb6 5. Nf3 Nc6 6. Bd3 Bd7 7. O-O f6 8. Nbd2 fxe5 9. Bc2 exd4 10. cxd4 O-O-O
11. Rb1 cxd4 12. Nb3 e5 13. Bg5 Nf6 14. Rc1 h6 15. Bh4 Kb8 16. a4 g5 17. Bg3 Bg4 18. Bg6 Ne4 19. Qc2 Nxg3 20. fxg3 d3+
21. Qf2 Qxf2+ 22. Rxf2 e4 23. Ne1 e3
0-1

[Event "1.d4 e6 variations"]
[Site "SchemingMind.com"]
[Date "2009.05.03"]
[Round "-"]
[White "Shaka"]
[Black "aadaam"]
[Result "1-0"]
[WhiteCountry "VEN"]
[BlackCountry "INT"]
[WhiteElo "1786"]
[WhiteRD "73"]
[BlackElo "1677"]
[BlackRD "50"]
[GameID "203001"]

1. d4 e6 2. f4 d5 3. Nf3 Nf6 4. e3 c5 5. c3 Nbd7 6. Bd3 c4 7. Bc2 b5 8. a4 b4 9. O-O b3 10. Bxb3 cxb3
11. Qxb3 Ne4 12. Nbd2 Ndf6 13. Nxe4 Nxe4 14. Nd2 Nxd2 15. Bxd2 Ba6 16. Rfe1 Rb8 17. Qa2 Bc4 18. Qb1 Rb3 19. f5 Bd6 20. e4 O-O
21. e5 Be7 22. Bc1 Bg5 23. Qc2 Bxc1 24. Raxc1 exf5 25. Re3 g6 26. Rh3 Qb6 27. Qd2 h5 28. Qg5 Kh7 29. g4 fxg4 30. Qxg4 Rxb2
31. Kh1 Be2 32. Qg3 Bg4 33. Qxg4 Rb1 34. Rxh5+ gxh5 35. Qf5+
1-0

[Event "1.d4 e6 variations"]
[Site "SchemingMind.com"]
[Date "2009.05.03"]
[Round "-"]
[White "misol"]
[Black "aadaam"]
[Result "0-1"]
[WhiteCountry "CAN"]
[BlackCountry "INT"]
[WhiteElo "1424"]
[WhiteRD "113"]
[BlackElo "1688"]
[BlackRD "47"]
[GameID "203002"]

1. d4 e6 2. c4 d5 3. cxd5 exd5 4. Nf3 Nf6 5. e3 Bf5 6. Nc3 Be7 7. Bb5+ c6 8. Ba4 O-O 9. Qb3 b5 10. Ne5 bxa4
11. Qb7 Nbd7 12. Qxc6 Nxe5 13. dxe5 Ne4 14. O-O Rc8 15. Qxa4 Nxc3 16. bxc3 Rxc3 17. Qxa7 Bc5 18. Qb7 Qd7 19. Qxd7 Bxd7 20. Bb2 Rc2
21. Bd4 Ba3 22. e4 dxe4 23. Be3 Bb2 24. Rad1 Bb5 25. Bc5 Rc8 26. Rfe1 R2xc5 27. h3 Rc1 28. Rxc1 Rxc1 29. Rxc1 Bxc1 30. g4 Ba3
31. f4 exf3 32. Kf2 Bc6 33. Kg3 Bc5
0-1

[Event "1.d4 e6 variations"]
[Site "SchemingMind.com"]
[Date "2009.05.03"]
[Round "-"]
[White "maro"]
[Black "lame wolf"]
[Result "1-0"]
[WhiteCountry "MEX"]
[BlackCountry "INT"]
[WhiteElo "1335"]
[WhiteRD "48"]
[BlackElo "1075"]
[BlackRD "42"]
[GameID "203124"]

1. d4 e6 2. d5 exd5 3. Qxd5 c6 4. Qe5+ Qe7 5. Qc7 Qd6 6. Qxc8+ Ke7 7. Qxb7 Nf6 8. Qxa8 g6 9. Qxa7 Bg7 10. Qe3+ Qe6
11. Qa3+ d6 12. Qa7+ Qd7 13. Be3 Qxa7 14. Bxa7 Nbd7 15. Nf3 Ra8 16. Bd4 d5 17. e3 h5 18. h4 c5 19. Bxf6+ Bxf6 20. Bb5 Nb6
21. O-O Bxb2 22. Nbd2 Bxa1 23. Rxa1 c4 24. Bc6 c3 25. Bxa8
1-0

[Event "1.d4 e6 variations"]
[Site "SchemingMind.com"]
[Date "2009.05.03"]
[Round "-"]
[White "maro"]
[Black "Zugzwang"]
[Result "1-0"]
[WhiteCountry "MEX"]
[BlackCountry "CAN"]
[WhiteElo "1335"]
[WhiteRD "48"]
[BlackElo "1482"]
[BlackRD "58"]
[GameID "203125"]

1. d4 e6 2. a3 f5 3. e4 Nf6 4. exf5 exf5 5. Bf4 c6 6. Nf3 Qb6 7. b4 d5 8. Ne5 Be7 9. f3 O-O 10. Qd3 Nbd7
11. Nc3 Re8 12. Qxf5 Bf8 13. O-O-O a5 14. b5 c5 15. Nxd5 Nxd5 16. Qf7+ Kh8 17. Qxe8 c4 18. Nxd7 Bxd7 19. Qxa8 Kg8 20. Bxc4 Be6
21. Bxd5 Bxd5 22. Rhe1 h6 23. Re8 Qf6 24. Bd6 Kh7 25. Bxf8 Qf4+ 26. Kb2 Qf7 27. Re7
1-0

[Event "1.d4 e6 variations"]
[Site "SchemingMind.com"]
[Date "2009.05.04"]
[Round "-"]
[White "maro"]
[Black "Shaka"]
[Result "0-1"]
[WhiteCountry "MEX"]
[BlackCountry "VEN"]
[WhiteElo "1335"]
[WhiteRD "48"]
[BlackElo "1789"]
[BlackRD "72"]
[GameID "203126"]

1. d4 e6 2. d5 Nf6 3. c4 exd5 4. cxd5 Bb4+ 5. Nc3 Bxc3+ 6. bxc3 d6 7. e3 O-O 8. Be2 Re8 9. h3 Bf5 10. e4 Bxe4
11. c4 Nbd7 12. Qd4 Nc5 13. Ba3 Nd3+ 14. Bxd3 Bxd3+ 15. Ne2 Rxe2+ 16. Kd1 Ne4 17. Bc1 Qe8 18. Rf1 Qa4#
0-1

[Event "1.d4 e6 variations"]
[Site "SchemingMind.com"]
[Date "2009.05.03"]
[Round "-"]
[White "maro"]
[Black "aadaam"]
[Result "0-1"]
[WhiteCountry "MEX"]
[BlackCountry "INT"]
[WhiteElo "1335"]
[WhiteRD "48"]
[BlackElo "1688"]
[BlackRD "47"]
[GameID "203127"]

1. d4 e6 2. Nf3 d5 3. Bf4 Nf6 4. Nc3 a6 5. e3 Be7 6. Bd3 b5 7. a3 c5 8. dxc5 Bxc5 9. O-O Bb7 10. b4 Be7
11. a4 Bxb4 12. Be5 Nbd7 13. Rb1 Qa5 14. Rb3 Nxe5 15. Nxe5 Bxc3 16. axb5 Bxe5 17. bxa6 Bxa6 18. Qb1 O-O 19. Bxa6 Qxa6 20. Rb6 Qa2
0-1

[Event "1.d4 e6 variations"]
[Site "SchemingMind.com"]
[Date "2009.05.03"]
[Round "-"]
[White "maro"]
[Black "misol"]
[Result "1-0"]
[WhiteCountry "MEX"]
[BlackCountry "CAN"]
[WhiteElo "1335"]
[WhiteRD "48"]
[BlackElo "1424"]
[BlackRD "113"]
[GameID "203128"]

1. d4 e6 2. Nf3 b6 3. e4 Bb7 4. Bd3 Bb4+ 5. Bd2 Ba5 6. Bxa5 bxa5 7. a4 Nf6 8. e5 Nd5 9. Qe2 c6 10. O-O d6
11. Ra3 Qb6 12. exd6 O-O 13. Rb3 Nf4 14. Qe3 Qc7 15. dxc7 Nxd3 16. cxb8=Q Raxb8 17. cxd3 h6 18. Ne5 c5 19. Nd7
1-0

[Event "1.d4 e6 variations"]
[Site "SchemingMind.com"]
[Date "2009.05.03"]
[Round "-"]
[White "lame wolf"]
[Black "maro"]
[Result "1-0"]
[WhiteCountry "INT"]
[BlackCountry "MEX"]
[WhiteElo "1075"]
[WhiteRD "42"]
[BlackElo "1335"]
[BlackRD "48"]
[GameID "203129"]

1. d4 e6 2. c4 Qf6 3. e3 Bb4+ 4. Bd2 Bxd2+ 5. Nxd2 Nh6 6. Qf3 Nf5 7. Bd3 g6 8. Ne2 O-O 9. Ne4 d5 10. Nxf6+ Kg7
11. Ng4 Nh4 12. Qh3 Nf5 13. Bxf5 exf5 14. Ne5 f4 15. Qf3 fxe3 16. Qxe3 dxc4 17. Nxc4 Be6 18. Ne5 Nd7 19. Nxd7 Bxd7 20. O-O Rfe8
21. Qd3 Bf5 22. Qc3 Rxe2 23. Qxc7 Rc8 24. Qxb7 Rcc2 25. Qxa7 Rxb2 26. d5 Rbd2 27. Rfd1 Rxd1+ 28. Rxd1 h5 29. d6 Bc2 30. d7 Bxd1
31. g3 Rd2 32. Qc7 Rc2 33. Qe5+ f6 34. Qe7+ Kh6 35. d8=Q Re2 36. Qxe2 Bxe2 37. Qxf6 h4 38. Qxh4+ Kg7 39. f4 Bd3 40. Qg5
1-0

[Event "1.d4 e6 variations"]
[Site "SchemingMind.com"]
[Date "2009.05.03"]
[Round "-"]
[White "Zugzwang"]
[Black "maro"]
[Result "1-0"]
[WhiteCountry "CAN"]
[BlackCountry "MEX"]
[WhiteElo "1482"]
[WhiteRD "58"]
[BlackElo "1335"]
[BlackRD "48"]
[GameID "203130"]

1. d4 e6 2. Nf3 f6 3. e4 Nc6 4. c4 Bb4+ 5. Bd2 a5 6. Bxb4 axb4 7. Bd3 Nge7 8. O-O f5 9. Ng5 Nxd4 10. Qh5+ g6
11. Qh6 b3 12. Qg7 d6 13. Qxh8+ Kd7 14. Qxd4 e5 15. Qc3 bxa2 16. Nd2 Ke8 17. Nxh7 b6 18. f4 fxe4 19. Bxe4 c6 20. Nf6+ Kf7
21. fxe5 dxe5 22. Qxe5 Qxd2 23. Nd5+ Nf5 24. Qe7+ Kg8 25. Nf6+ Kh8 26. Qh7#
1-0

[Event "1.d4 e6 variations"]
[Site "SchemingMind.com"]
[Date "2009.05.05"]
[Round "-"]
[White "Shaka"]
[Black "maro"]
[Result "1-0"]
[WhiteCountry "VEN"]
[BlackCountry "MEX"]
[WhiteElo "1786"]
[WhiteRD "73"]
[BlackElo "1333"]
[BlackRD "51"]
[GameID "203131"]

1. d4 e6 2. e4 d5 3. exd5 Qxd5 4. Nf3 Bd6 5. c4 Bb4+ 6. Bd2 Qe4+ 7. Be2 a5 8. a3 Bxd2+ 9. Nbxd2 Qg6 10. O-O Nf6
11. Ne5 Qg5 12. Bf3 Ra6 13. Qa4+ Nbd7 14. Ne4 Qf5 15. Nc5 O-O 16. Nexd7 Bxd7 17. Nxd7 Nxd7 18. Qxd7 Raa8 19. Qxc7 b5 20. Bxa8 Rxa8
21. c5 a4 22. Qb7
1-0

[Event "1.d4 e6 variations"]
[Site "SchemingMind.com"]
[Date "2009.05.03"]
[Round "-"]
[White "aadaam"]
[Black "maro"]
[Result "1-0"]
[WhiteCountry "INT"]
[BlackCountry "MEX"]
[WhiteElo "1688"]
[WhiteRD "47"]
[BlackElo "1335"]
[BlackRD "48"]
[GameID "203132"]

1. d4 e6 2. e4 d5 3. Nc3 Nf6 4. Bg5 Be7 5. e5 Ne4 6. Bxe7 Qxe7 7. Qd3 Bd7 8. a3 a6 9. Nxe4 dxe4 10. Qxe4 Bc6
11. Qe3 O-O 12. O-O-O Nd7 13. Bd3 Nb6 14. Nf3 h6 15. h4 Nd5 16. Qd2 b5 17. b4 a5 18. c3 axb4 19. axb4 Ra1+ 20. Kb2 Rxd1
21. Rxd1 Bd7 22. g4 Rb8 23. g5 h5 24. Ra1 g6 25. Ne1 Bc6 26. Ng2 Bd7 27. Nf4 Nxf4 28. Qxf4 Bc6 29. Ra5 Ra8 30. Rxa8+ Bxa8
31. Bxb5 c6 32. Bd3 c5 33. dxc5 Qd7 34. Qe3 Bc6 35. c4 Ba4 36. b5 Qb7 37. c6 Qc7 38. Qc5 Qa5 39. c7 Qd2+ 40. Ka3 Qxd3+
41. Kxa4 Qc2+ 42. Ka5
1-0

[Event "1.d4 e6 variations"]
[Site "SchemingMind.com"]
[Date "2009.05.03"]
[Round "-"]
[White "misol"]
[Black "maro"]
[Result "1-0"]
[WhiteCountry "CAN"]
[BlackCountry "MEX"]
[WhiteElo "1424"]
[WhiteRD "113"]
[BlackElo "1335"]
[BlackRD "48"]
[GameID "203133"]

1. d4 e6 2. c4 d5 3. Bf4 Bd6 4. e3 Bxf4 5. exf4 dxc4 6. Bxc4 Nf6 7. Nf3 Qd6 8. O-O O-O 9. Nc3 Qxf4 10. g3 Qg4
11. Ne5 Qh3 12. Nb5 Na6 13. Qf3 Ng4 14. Nxg4 Bd7 15. Ne5 Be8 16. Qxb7 Bxb5 17. Qxb5 Nb8 18. Qb7 Nd7 19. Qxc7 Nxe5 20. Qxe5 Rab8
21. b3 a5 22. Qxa5 Rfd8 23. Rfd1 Qg4 24. Qa7 e5 25. Qxf7+ Kh8 26. Qc7 exd4 27. Qf4 Qxf4 28. gxf4 Rb6 29. Kg2 Rg6+ 30. Kf3 h5
31. Ke4 Rg4 32. Rxd4 Re8+ 33. Kf3 g5 34. Bf7 Re7 35. Bxh5 Rh4 36. Rd8+ Kh7 37. Bg4 gxf4 38. Rg1 Rxh2 39. Bf5+ Kh6 40. Rh8+ Rh7
41. Rxh7#
1-0

[Event "1.d4 e6 variations"]
[Site "SchemingMind.com"]
[Date "2009.05.05"]
[Round "-"]
[White "swashbuckler"]
[Black "lame wolf"]
[Result "1-0"]
[WhiteCountry "GBR"]
[BlackCountry "INT"]
[WhiteElo "1855"]
[WhiteRD "85"]
[BlackElo "1075"]
[BlackRD "42"]
[GameID "203339"]

1. d4 e6 2. g3 d5 3. Bg2 c5 4. Nf3 cxd4 5. Nxd4 Bd7 6. O-O Nc6 7. b3 Nxd4 8. Qxd4 Qc7 9. Na3 Qb6 10. Qxb6 Bc6
11. Qd4 Nf6 12. c4 Bd6 13. Nb5 Kd7 14. Nxd6 Kxd6 15. Ba3+ Kc7 16. Rac1 Rhe8 17. cxd5 exd5 18. Bxd5 Kb8 19. Qf4+ Kc8 20. Bxc6
1-0

[Event "1.d4 e6 variations"]
[Site "SchemingMind.com"]
[Date "2009.05.05"]
[Round "-"]
[White "swashbuckler"]
[Black "Zugzwang"]
[Result "1-0"]
[WhiteCountry "GBR"]
[BlackCountry "CAN"]
[WhiteElo "1855"]
[WhiteRD "85"]
[BlackElo "1482"]
[BlackRD "58"]
[GameID "203340"]

1. d4 e6 2. e4 d5 3. e5 Nc6 4. Nf3 Bb4+ 5. Bd2 Bxd2+ 6. Nbxd2 Nge7 7. Be2 O-O 8. O-O Nf5 9. Nb3 f6 10. c4 Nce7
11. exf6 Rxf6 12. Ne5 Nc6 13. f4 Nxe5 14. fxe5 Rg6 15. cxd5 Qg5 16. Bf3 Kh8 17. Rf2 Ne3 18. Be4 Rh6 19. Rf8#
1-0

[Event "1.d4 e6 variations"]
[Site "SchemingMind.com"]
[Date "2009.05.05"]
[Round "-"]
[White "swashbuckler"]
[Black "Shaka"]
[Result "0-1"]
[WhiteCountry "GBR"]
[BlackCountry "VEN"]
[WhiteElo "1796"]
[WhiteRD "87"]
[BlackElo "1777"]
[BlackRD "76"]
[GameID "203341"]

1. d4 e6 2. Nf3 Nf6 3. c4 c5 4. Nc3 cxd4 5. Nxd4 a6 6. e4 Nc6 7. Nxc6 bxc6 8. Be2 Bb4 9. Bf3 Bxc3+ 10. bxc3 O-O
11. e5 Ne8 12. c5 Qa5 13. Qd4 Nc7 14. O-O Nb5 15. Qb4 Qc7 16. Bf4 a5 17. Qb2 Ba6 18. c4 Na7 19. Qc3 Rab8 20. Rab1 Nc8
21. Be4 Ne7 22. Qh3 Ng6 23. Bxg6 hxg6 24. Qd3 Rb4 25. Rxb4 axb4 26. Qb3 Rb8 27. Rb1 Qa5 28. Be3 Rb7 29. f4 Qa3 30. Rc1 Ra7
31. Qxa3 bxa3 32. Rc3 Bb7 33. Rb3 Kf8 34. Bc1 Ke7 35. g4 Bc8 36. h4 Ra5 37. Rxa3 Rxc5 38. Ra8 Bb7
0-1